[Event "Open 150' Unita' d'Italia B"]
[Site "Torino ITA"]
[Date "2011.05.31"]
[Round "1"]
[White "Banchio, Davide"]
[Black "Negro, Francesco P."]
[Result "0-1"]
[WhiteElo "1976"]
[BlackElo "1784"]
[PlyCount "40"]
[EventDate "2011.05.31"]

1. e4 d5 2. exd5 Qxd5 3. Nc3 Qa5 4. d4 Nf6 5. Bc4 c6 6. Nf3 Bf5 7. O-O Qc7 8.
Ne5 e6 9. Bf4 Bd6 10. Re1 O-O 11. Bb3 a5 12. a4 Na6 13. Qf3 Nb4 14. Re2 Rad8
15. h3 Nfd5 16. Nxd5 cxd5 17. c4 dxc4 18. Rc1 Nd3 19. Nxd3 Bxd3 20. Qxd3 cxd3
0-1

[Event "Open 150' Unita' d'Italia B"]
[Site "Torino ITA"]
[Date "2011.05.31"]
[Round "1"]
[White "Bisi, Riccardo"]
[Black "Martin, Tiziano"]
[Result "0-1"]
[WhiteElo "1694"]
[BlackElo "1936"]
[PlyCount "46"]
[EventDate "2011.05.31"]

1. e4 e6 2. d4 d5 3. exd5 exd5 4. Bd3 Bd6 5. Nf3 Ne7 6. O-O O-O 7. Be3 Bf5 8.
Nc3 c6 9. Re1 Qc7 10. h3 Nd7 11. Ng5 Nf6 12. Bxf5 Nxf5 13. Qd3 Nxe3 14. Rxe3
Bf4 15. Ne6 fxe6 16. Rxe6 Qf7 17. Rae1 Ne4 18. R6xe4 dxe4 19. Rxe4 Bc7 20. f3
Rae8 21. Rh4 g5 22. Rg4 Bf4 23. Ne4 Rxe4 0-1

[Event "Open 150' Unita' d'Italia B"]
[Site "Torino ITA"]
[Date "2011.05.31"]
[Round "1"]
[White "Bisi, Samuele"]
[Black "Abbura', Davide"]
[Result "1-0"]
[WhiteElo "1940"]
[BlackElo "1706"]
[PlyCount "81"]
[EventDate "2011.05.31"]

1. d4 e6 2. c4 d5 3. Nf3 Nf6 4. Nc3 Nbd7 5. Bg5 Be7 6. e3 O-O 7. cxd5 exd5 8.
Bd3 c6 9. O-O h6 10. Bh4 Re8 11. Rb1 Ne4 12. Bxe7 Rxe7 13. Qc2 Ndf6 14. Na4 Bg4
15. Ne5 Be6 16. b4 Rc8 17. Rfc1 Rec7 18. f3 Ng5 19. Rb3 Nd7 20. Nxd7 Bxd7 21.
Rc3 Qe7 22. Bf1 Ne6 23. Nb2 Nf8 24. b5 Qf6 25. Nd3 Bf5 26. Qb3 Nd7 27. bxc6
bxc6 28. Nb4 Nb6 29. Ba6 Re8 30. Rxc6 Rxc6 31. Nxc6 Nc4 32. e4 Qxc6 33. Bb5 Qb6
34. Bxe8 Qxd4+ 35. Kh1 Be6 36. Bc6 Na5 37. Qb8+ Kh7 38. exd5 Nxc6 39. dxc6 Qd2
40. Qb1+ g6 41. c7 1-0

[Event "Open 150' Unita' d'Italia B"]
[Site "Torino ITA"]
[Date "2011.05.31"]
[Round "1"]
[White "Blundo, Michele"]
[Black "Razzano, Lorenzo"]
[Result "0-1"]
[WhiteElo "1728"]
[BlackElo "1951"]
[PlyCount "82"]
[EventDate "2011.05.31"]

1. d4 g6 2. c4 Bg7 3. Nc3 c5 4. d5 Bxc3+ 5. bxc3 f5 6. e3 Qa5 7. Bd2 Nf6 8. Bd3
d6 9. Ne2 Nbd7 10. f4 Nb6 11. a4 Bd7 12. Ng3 Qa6 13. Qe2 O-O-O 14. e4 fxe4 15.
Nxe4 Nxe4 16. Bxe4 Qxc4 17. Qxc4 Nxc4 18. a5 Nxd2 19. Kxd2 Rdf8 20. g3 Kc7 21.
Bd3 e6 22. c4 exd5 23. cxd5 Bf5 24. Rhe1 Re8 25. Bxf5 gxf5 26. Kd3 Kd7 27. Rab1
Rxe1 28. Rxe1 Re8 29. Rc1 Re4 30. Rb1 Kc7 31. Ra1 h5 32. Ra2 h4 33. Re2 Rxe2
34. Kxe2 hxg3 35. h4 Kd7 36. Kf3 g2 37. Kxg2 Ke7 38. Kf3 b5 39. axb6 axb6 40.
Ke3 Kf7 41. Kd3 b5 0-1

[Event "Open 150' Unita' d'Italia B"]
[Site "Torino ITA"]
[Date "2011.05.31"]
[Round "1"]
[White "D'Amato, Piergiorgio"]
[Black "Fassio, Francesco"]
[Result "1-0"]
[WhiteElo "1855"]
[BlackElo "1661"]
[PlyCount "55"]
[EventDate "2011.05.31"]

1. e4 e5 2. Nf3 Nf6 3. d3 Nc6 4. Be2 d5 5. Nbd2 Bc5 6. h3 O-O 7. O-O a6 8. Re1
Re8 9. Bf1 h6 10. b3 b5 11. Bb2 dxe4 12. Nxe4 Nxe4 13. dxe4 Bb7 14. c4 b4 15.
Qd5 Bd6 16. Rad1 Qe7 17. c5 Bxc5 18. Nxe5 Nd8 19. Qc4 Ne6 20. Rd7 Qg5 21. Rxf7
Rad8 22. Nf3 Qg6 23. Rxg7+ Qxg7 24. Bxg7 Kxg7 25. Be2 Bd6 26. Nh4 Kh7 27. Bh5
Re7 28. Nf5 1-0

[Event "Open 150' Unita' d'Italia B"]
[Site "Torino ITA"]
[Date "2011.05.31"]
[Round "1"]
[White "Di Chiara, Mauro"]
[Black "Iacomussi, Mario"]
[Result "1/2-1/2"]
[WhiteElo "1955"]
[BlackElo "1755"]
[PlyCount "91"]
[EventDate "2011.05.31"]

1. Nf3 c5 2. e3 g6 3. c4 Bg7 4. d4 cxd4 5. exd4 d5 6. cxd5 Nf6 7. Nc3 O-O 8.
Bc4 a6 9. a4 Bf5 10. O-O Qc7 11. b3 Nbd7 12. Ba3 Nb6 13. Bc5 Nxc4 14. bxc4 b6
15. Ba3 Rfe8 16. Ne5 Bd7 17. Qf3 Rac8 18. Rfe1 Qb7 19. c5 bxc5 20. dxc5 Bf5 21.
h3 h5 22. Re2 Qc7 23. Rc1 Ne4 24. Nxe4 Bxe5 25. g4 hxg4 26. hxg4 Bxe4 27. Qxe4
Bf6 28. Rb1 Kg7 29. Qd3 Qf4 30. Qe4 Qg5 31. Qg2 Rh8 32. Bc1 Qh4 33. c6 Rhd8 34.
Bb2 Bxb2 35. Rexb2 Qg5 36. Qg3 Qxd5 37. c7 Rh8 38. f3 Qc5+ 39. Qf2 Qxf2+ 40.
Kxf2 Rxc7 41. Rb7 Rc2+ 42. Kg3 e5 43. Re7 Rc4 44. Rbb7 Rf8 45. Rxe5 Rxa4 46.
Ra7 1/2-1/2

[Event "Open 150' Unita' d'Italia B"]
[Site "Torino ITA"]
[Date "2011.05.31"]
[Round "1"]
[White "Gussone, Claudio"]
[Black "Cacinschi, Alexandru"]
[Result "1-0"]
[WhiteElo "1773"]
[BlackElo "1974"]
[PlyCount "85"]
[EventDate "2011.05.31"]

1. b3 e5 2. Bb2 d6 3. e3 Nf6 4. Bb5+ c6 5. Be2 g6 6. d3 Bg7 7. Nf3 O-O 8. O-O
Bg4 9. c4 Nbd7 10. Nbd2 Re8 11. Rc1 Rc8 12. h3 Bxf3 13. Bxf3 Qc7 14. Qc2 Qb8
15. Qb1 d5 16. Rfd1 Qd6 17. g3 Qe7 18. b4 e4 19. dxe4 dxe4 20. Be2 Rcd8 21. c5
Nd5 22. Bxg7 Kxg7 23. Nc4 N7f6 24. Nd6 Rf8 25. Rc4 Rxd6 26. cxd6 Qxd6 27. Qb2
a6 28. Rxe4 Qc7 29. Red4 Re8 30. Bf3 Kg8 31. e4 Nf4 32. Rd6 N6h5 33. g4 Nxh3+
34. Kf1 N5f4 35. Qf6 Qb6 36. R1d2 Qb5+ 37. Ke1 Ne6 38. Be2 Qb6 39. Bc4 Nhg5 40.
Rd7 Rf8 41. Bxe6 Nxe6 42. R2d6 Nc7 43. Rxf7 1-0

[Event "Open 150' Unita' d'Italia B"]
[Site "Torino ITA"]
[Date "2011.05.31"]
[Round "1"]
[White "Mantovan, Giuseppe"]
[Black "De Renzi, Giuseppe"]
[Result "1-0"]
[WhiteElo "1837"]
[BlackElo "1550"]
[PlyCount "61"]
[EventDate "2011.05.31"]

1. d4 Nf6 2. c4 g6 3. Nc3 d5 4. cxd5 Nxd5 5. e4 Nxc3 6. bxc3 Bg7 7. Bc4 O-O 8.
Ne2 c5 9. O-O cxd4 10. cxd4 Nc6 11. Be3 Na5 12. Bd3 Be6 13. Qd2 Nc4 14. Bxc4
Bxc4 15. Rfd1 b5 16. Ng3 a5 17. Rac1 a4 18. a3 e6 19. e5 Qc7 20. Bh6 Qe7 21.
Rc3 Rfd8 22. Bxg7 Kxg7 23. Ne4 Bb3 24. Rdc1 b4 25. Rc7 Rd7 26. Rxd7 Qxd7 27.
Qxb4 Rd8 28. Nd6 Qa7 29. Qd2 Rd7 30. Qf4 Rd8 31. Qf6+ 1-0

[Event "Open 150' Unita' d'Italia B"]
[Site "Torino ITA"]
[Date "2011.05.31"]
[Round "1"]
[White "Manunta, Andrea"]
[Black "Guerra, Mirko"]
[Result "1/2-1/2"]
[WhiteElo "1882"]
[BlackElo "1674"]
[PlyCount "99"]
[EventDate "2011.05.31"]

1. d4 d5 2. c4 e6 3. Nf3 Nf6 4. Nc3 Be7 5. e3 Nbd7 6. Bd3 O-O 7. O-O dxc4 8.
Bxc4 c5 9. Qe2 a6 10. a4 Qc7 11. b3 Nb6 12. Bb2 Nxc4 13. Qxc4 b6 14. Rac1 Bb7
15. Qe2 Ng4 16. e4 Rac8 17. h3 Nf6 18. dxc5 bxc5 19. Nd2 Nd7 20. Nc4 f6 21.
Rfd1 Rfd8 22. Qg4 Nf8 23. Ne2 Rxd1+ 24. Rxd1 Rd8 25. Rxd8 Qxd8 26. Nf4 e5 27.
Ne6 Nxe6 28. Qxe6+ Kf8 29. Kh2 Qd3 30. Bxe5 Qxe4 31. f3 Qd5 32. Qxd5 Bxd5 33.
Bc7 Ke8 34. Ba5 Kd7 35. Kg3 Bd6+ 36. Kf2 Bc7 37. Bc3 Ke6 38. Ke3 g5 39. Nd2
Bf4+ 40. Kd3 Bxd2 41. Bxd2 Bxb3 42. a5 Bd5 43. Bc3 f5 44. Ke3 f4+ 45. Kf2 Kf5
46. Ke2 Bc4+ 47. Kf2 h5 48. Bg7 g4 49. hxg4+ hxg4 50. fxg4+ 1/2-1/2

[Event "Open 150' Unita' d'Italia B"]
[Site "Torino ITA"]
[Date "2011.06.01"]
[Round "2"]
[White "Cacinschi, Alexandru"]
[Black "Manunta, Andrea"]
[Result "1-0"]
[WhiteElo "1974"]
[BlackElo "1882"]
[PlyCount "65"]
[EventDate "2011.05.31"]

1. Nf3 Nf6 2. d4 e6 3. c4 b6 4. g3 Ba6 5. Qc2 Bb4+ 6. Nbd2 Bb7 7. Bg2 Be7 8. e4
d6 9. O-O c5 10. e5 dxe5 11. dxe5 Nfd7 12. b3 Nc6 13. Bb2 Qc7 14. Rfe1 Rd8 15.
Rad1 Nf8 16. h4 Nb4 17. Qb1 h5 18. Ne4 Ng6 19. Rxd8+ Qxd8 20. Rd1 Qa8 21. Nfg5
Bxg5 22. Nd6+ Ke7 23. Bxb7 Qg8 24. hxg5 h4 25. Nc8+ Ke8 26. Qe4 Ne7 27. Nxe7
Kxe7 28. g4 g6 29. a3 h3 30. axb4 Qh7 31. Qc6 h2+ 32. Kh1 Qh3 33. Qd6+ 1-0

[Event "Open 150' Unita' d'Italia B"]
[Site "Torino ITA"]
[Date "2011.06.01"]
[Round "2"]
[White "De Renzi, Giuseppe"]
[Black "Blundo, Michele"]
[Result "0-1"]
[WhiteElo "1550"]
[BlackElo "1728"]
[PlyCount "52"]
[EventDate "2011.05.31"]

1. Nf3 d5 2. d4 Nf6 3. g3 e6 4. Bg2 Be7 5. c4 O-O 6. Nbd2 Nbd7 7. b3 c6 8. Bb2
Re8 9. O-O b6 10. e3 Bb7 11. Rc1 Rb8 12. Ne5 Nxe5 13. dxe5 Nd7 14. Qg4 Bf8 15.
Rfd1 Qe7 16. cxd5 exd5 17. Nc4 Bc8 18. e6 Nf6 19. Bxf6 Qxf6 20. Nd2 Bxe6 21.
Qa4 b5 22. Qa6 c5 23. Nb1 d4 24. exd4 cxd4 25. Bc6 Bd5 26. Bxb5 Qf3 0-1

[Event "Open 150' Unita' d'Italia B"]
[Site "Torino ITA"]
[Date "2011.06.01"]
[Round "2"]
[White "Fassio, Francesco"]
[Black "Banchio, Davide"]
[Result "1/2-1/2"]
[WhiteElo "1661"]
[BlackElo "1976"]
[PlyCount "120"]
[EventDate "2011.05.31"]

1. c4 Nf6 2. Nc3 g6 3. g3 Bg7 4. Bg2 O-O 5. e3 d6 6. Nge2 e5 7. O-O c6 8. d4
Nbd7 9. b3 Re8 10. Rb1 a5 11. Bb2 Nf8 12. dxe5 dxe5 13. Qxd8 Rxd8 14. Rbd1 Bg4
15. h3 Bxe2 16. Nxe2 N6d7 17. Rd2 Nc5 18. Rfd1 Rxd2 19. Rxd2 Nfe6 20. Nc1 a4
21. b4 a3 22. Ba1 Na4 23. c5 Rd8 24. Rxd8+ Nxd8 25. Nb3 f5 26. e4 Ne6 27. Na5
Nd8 28. Nc4 Ne6 29. exf5 Nd4 30. fxg6 Nc2 31. gxh7+ Kh8 32. Bxe5 Bxe5 33. Nxe5
Nxb4 34. Nc4 Nxc5 35. Nxa3 Nxa2 36. Nc4 Kxh7 37. f4 Nc3 38. Kf2 Kg6 39. Ke3
Nd1+ 40. Kd4 Nb3+ 41. Ke5 b5 42. Nd6 Na5 43. f5+ Kg7 44. Ke6 Ne3 45. Bf3 Kf8
46. g4 b4 47. g5 b3 48. g6 b2 49. Be4 Nb3 50. Nb7 Nd2 51. Bd3 b1=Q 52. Bxb1
Nxb1 53. f6 Nc3 54. g7+ Kg8 55. Nc5 Ncd5 56. Nd3 Nxf6 57. Kxf6 Nd5+ 58. Ke5
Kxg7 59. Kd6 Ne3 60. h4 Ng4 1/2-1/2

[Event "Open 150' Unita' d'Italia B"]
[Site "Torino ITA"]
[Date "2011.06.01"]
[Round "2"]
[White "Figari, Andrea"]
[Black "Maschietti, Giampaolo"]
[Result "1-0"]
[WhiteElo "1841"]
[BlackElo "1422"]
[PlyCount "103"]
[EventDate "2011.05.31"]

1. e4 c5 2. Nf3 e6 3. Nc3 Nc6 4. Be2 Nf6 5. d3 Be7 6. O-O O-O 7. Bd2 d5 8. exd5
exd5 9. Re1 Re8 10. Bg5 d4 11. Bxf6 Bxf6 12. Ne4 b6 13. Qd2 Bb7 14. Qf4 Nb4 15.
Nxf6+ Qxf6 16. Qd2 Nd5 17. g3 Ne3 18. fxe3 dxe3 19. Qd1 g5 20. g4 Qf4 21. Kh1
Re6 22. Rg1 Rae8 23. Rg3 Rh6 24. Kg1 Rhe6 25. Qf1 Bxf3 26. Qxf3 Qxf3 27. Rxf3
Kg7 28. Raf1 f6 29. a4 Kg6 30. Rh3 R6e7 31. Rh5 h6 32. b3 Rf7 33. Rf3 Re5 34.
Rfh3 Rh7 35. Rf3 Rf7 36. Kf1 f5 37. gxf5+ Rfxf5 38. Rxf5 Rxf5+ 39. Ke1 Rf2 40.
Rh3 Rg2 41. Rxe3 Rxh2 42. Re7 Kf5 43. Rxa7 g4 44. Rf7+ Kg6 45. Rf4 h5 46. Rf2
Rxf2 47. Kxf2 Kg5 48. c3 Kf4 49. b4 g3+ 50. Kg2 h4 51. bxc5 bxc5 52. a5 1-0

[Event "Open 150' Unita' d'Italia B"]
[Site "Torino ITA"]
[Date "2011.06.01"]
[Round "2"]
[White "Guerra, Mirko"]
[Black "Di Chiara, Mauro"]
[Result "0-1"]
[WhiteElo "1674"]
[BlackElo "1955"]
[PlyCount "40"]
[EventDate "2011.05.31"]

1. d3 g6 2. g3 Bg7 3. Bg2 d6 4. Nf3 Nc6 5. O-O f5 6. c4 Nf6 7. Nc3 O-O 8. a3 e5
9. Bg5 h6 10. Bxf6 Bxf6 11. Qd2 g5 12. h4 Be6 13. Rad1 g4 14. Nh2 f4 15. Bd5
Bxd5 16. Nxd5 h5 17. Qe1 Bg7 18. f3 fxg3 19. Qxg3 Nd4 20. Rde1 Nf5 0-1

[Event "Open 150' Unita' d'Italia B"]
[Site "Torino ITA"]
[Date "2011.06.01"]
[Round "2"]
[White "Iacomussi, Mario"]
[Black "Gussone, Claudio"]
[Result "1-0"]
[WhiteElo "1755"]
[BlackElo "1773"]
[PlyCount "55"]
[EventDate "2011.05.31"]

1. e4 d6 2. Bc4 Nf6 3. Nc3 g6 4. d4 Bg7 5. Nge2 O-O 6. O-O Nxe4 7. Bxf7+ Rxf7
8. Nxe4 Bf5 9. Ng5 Rf8 10. c3 Qc8 11. Nf4 c6 12. Re1 e5 13. dxe5 h6 14. exd6
hxg5 15. Qb3+ Rf7 16. Re7 Qf8 17. Nxg6 Bxg6 18. Bxg5 Na6 19. Qxb7 Nc5 20. Qxc6
Nd3 21. Qd5 Nxf2 22. d7 Be4 23. Qxa8 Qxa8 24. Re8+ Rf8 25. Rxa8 Bxa8 26. Be7
Rb8 27. Bh4 Ne4 28. Rd1 1-0

[Event "Open 150' Unita' d'Italia B"]
[Site "Torino ITA"]
[Date "2011.06.01"]
[Round "2"]
[White "Martin, Tiziano"]
[Black "Militello, Michele"]
[Result "1-0"]
[WhiteElo "1936"]
[BlackElo "1811"]
[PlyCount "71"]
[EventDate "2011.05.31"]

1. d4 d6 2. Nf3 Nf6 3. b3 Nbd7 4. Bb2 g6 5. c4 Bg7 6. Qc2 O-O 7. e3 Ne8 8. d5
e5 9. dxe6 fxe6 10. Bxg7 Nxg7 11. h4 Qf6 12. Nc3 Ne5 13. Be2 Ng4 14. Rd1 Qf7
15. Ne4 e5 16. Neg5 Qe7 17. c5 Nh5 18. cxd6 cxd6 19. Qc4+ Kg7 20. Qb4 Rd8 21.
Ne4 Bf5 22. Nxd6 Qc7 23. O-O a5 24. Qxb7 Qxb7 25. Nxb7 Rdb8 26. Nd6 Ng3 27.
fxg3 Nxe3 28. Nxf5+ gxf5 29. Rd7+ Kf6 30. Rc1 Ke6 31. Rxh7 a4 32. Ng5+ Kd6 33.
Nf7+ Kd5 34. Bc4+ Kd4 35. Ng5 Rd8 36. Ne6+ 1-0

[Event "Open 150' Unita' d'Italia B"]
[Site "Torino ITA"]
[Date "2011.06.01"]
[Round "2"]
[White "Negro, Francesco P."]
[Black "D'Amato, Piergiorgio"]
[Result "1-0"]
[WhiteElo "1784"]
[BlackElo "1855"]
[PlyCount "41"]
[EventDate "2011.05.31"]

1. e4 e6 2. d3 d5 3. Nd2 Nf6 4. Ngf3 Bc5 5. e5 Nfd7 6. d4 Be7 7. Bd3 c5 8. c3
Nc6 9. Nf1 cxd4 10. cxd4 Nb6 11. Ne3 Bd7 12. O-O a5 13. g3 a4 14. h4 h6 15. Bd2
Bb4 16. Qe2 Qe7 17. Rfc1 O-O 18. Ng4 Na5 19. Bxh6 gxh6 20. Nf6+ Kh8 21. Qe3 1-0

[Event "Open 150' Unita' d'Italia B"]
[Site "Torino ITA"]
[Date "2011.06.01"]
[Round "2"]
[White "Paoli, Mario"]
[Black "Labarthe, Arnaud"]
[Result "1-0"]
[WhiteElo "1802"]
[BlackElo "1877"]
[PlyCount "43"]
[EventDate "2011.05.31"]

1. c4 e5 2. Nc3 Nf6 3. d3 Bb4 4. Qb3 Nc6 5. a3 Nd4 6. Qd1 Bxc3+ 7. bxc3 Ne6 8.
Nf3 d6 9. Ng5 h6 10. Nxe6 Bxe6 11. e3 Qd7 12. Be2 g5 13. Rb1 b6 14. O-O g4 15.
Qc2 Nh7 16. d4 Ng5 17. e4 f6 18. c5 bxc5 19. d5 Bxd5 20. exd5 a6 21. Qg6+ Ke7
22. Bxg5 1-0

[Event "Open 150' Unita' d'Italia B"]
[Site "Torino ITA"]
[Date "2011.06.01"]
[Round "2"]
[White "Razzano, Lorenzo"]
[Black "Mantovan, Giuseppe"]
[Result "1-0"]
[WhiteElo "1951"]
[BlackElo "1837"]
[PlyCount "39"]
[EventDate "2011.05.31"]

1. e4 e6 2. Nf3 d5 3. Nc3 Nf6 4. e5 Nfd7 5. d4 c5 6. dxc5 Bxc5 7. Bd3 Nc6 8.
Bf4 O-O 9. Bxh7+ Kxh7 10. Ng5+ Qxg5 11. Bxg5 Ndxe5 12. Qh5+ Kg8 13. f4 Nc4 14.
O-O-O Ne3 15. Rd3 Nb4 16. Rxe3 Bxe3+ 17. Kb1 Bd7 18. Be7 d4 19. Ne4 Nd5 20. Ng5
1-0

[Event "Open 150' Unita' d'Italia B"]
[Site "Torino ITA"]
[Date "2011.06.01"]
[Round "2"]
[White "Riccardi, Mauro"]
[Black "Bisi, Samuele"]
[Result "0-1"]
[WhiteElo "1833"]
[BlackElo "1940"]
[PlyCount "38"]
[EventDate "2011.05.31"]

1. d4 Nf6 2. Bg5 c5 3. d5 Qb6 4. Nc3 Qxb2 5. Bd2 Qb6 6. e4 d6 7. Rb1 Qd8 8.
Bb5+ Nbd7 9. f4 a6 10. Bd3 g6 11. Nf3 Bg7 12. e5 dxe5 13. fxe5 Ng4 14. e6 Nde5
15. O-O O-O 16. Ng5 fxe6 17. Nxe6 Bxe6 18. dxe6 Nxd3 19. Rxf8+ Qxf8 0-1

[Event "Open 150' Unita' d'Italia B"]
[Site "Torino ITA"]
[Date "2011.06.02"]
[Round "3"]
[White "Banchio, Davide"]
[Black "Guerra, Mirko"]
[Result "0-1"]
[WhiteElo "1976"]
[BlackElo "1674"]
[PlyCount "88"]
[EventDate "2011.05.31"]

1. e4 c5 2. Nf3 e6 3. d4 cxd4 4. c3 dxc3 5. Nxc3 d6 6. Bc4 Nc6 7. O-O Nf6 8.
Qe2 Be7 9. Rd1 e5 10. h3 O-O 11. Bg5 Be6 12. Bb5 Qc7 13. Rac1 Qb8 14. Nd5 Bxd5
15. exd5 Nb4 16. Bxf6 Bxf6 17. Rc4 a5 18. Rdc1 Nxa2 19. Ra1 Nb4 20. Qe4 Rc8 21.
Rac1 Rxc4 22. Rxc4 Qd8 23. Qg4 g6 24. h4 h5 25. Qe4 Rc8 26. g4 Rxc4 27. Bxc4
hxg4 28. Qxg4 Kg7 29. h5 Qe7 30. hxg6 fxg6 31. Nd2 b5 32. Bb3 Nd3 33. Bc2 Nf4
34. Ne4 Qc7 35. Nxf6 Kxf6 36. Qh4+ Kg7 37. Be4 Qf7 38. f3 Qf6 39. Qg4 Qf7 40.
Qh4 Qa7+ 41. Kh2 Ne2 42. Qe1 Qe3 43. Kh1 Qh6+ 44. Kg2 Nf4+ 0-1

[Event "Open 150' Unita' d'Italia B"]
[Site "Torino ITA"]
[Date "2011.06.02"]
[Round "3"]
[White "Bisi, Riccardo"]
[Black "Fassio, Francesco"]
[Result "1-0"]
[WhiteElo "1694"]
[BlackElo "1661"]
[PlyCount "97"]
[EventDate "2011.05.31"]

1. e4 e5 2. Nf3 Nf6 3. Nxe5 d6 4. Nf3 Nxe4 5. d4 d5 6. Bd3 Be7 7. O-O Nc6 8. c3
O-O 9. Qc2 Nf6 10. Bg5 h6 11. Bf4 Bd6 12. Bg3 Re8 13. Nbd2 Bxg3 14. hxg3 Qd6
15. Rfe1 Bd7 16. c4 Nb4 17. Qc3 Nxd3 18. Qxd3 c6 19. c5 Qc7 20. Ne5 Be6 21. b4
Qc8 22. a4 Bf5 23. Qf3 Ng4 24. Nxg4 Rxe1+ 25. Rxe1 Bxg4 26. Qf4 Qd7 27. Nf3 f6
28. a5 Bf5 29. Qe3 Be4 30. Nd2 Re8 31. f3 Bg6 32. Qf2 Re7 33. Re3 Qe8 34. Nf1
Bh7 35. Rxe7 Qxe7 36. Qe3 Kf7 37. Kf2 g5 38. Qb3 Qd7 39. Ne3 h5 40. Nd1 Qe8 41.
b5 Bf5 42. bxc6 Qxc6 43. Nc3 Be6 44. Nb5 Qa6 45. Nd6+ Kg6 46. Nxb7 Bd7 47. Qxd5
Bc6 48. Qg8+ Kh6 49. Nd6 1-0

[Event "Open 150' Unita' d'Italia B"]
[Site "Torino ITA"]
[Date "2011.06.02"]
[Round "3"]
[White "Bisi, Samuele"]
[Black "Paoli, Mario"]
[Result "1-0"]
[WhiteElo "1940"]
[BlackElo "1802"]
[PlyCount "81"]
[EventDate "2011.05.31"]

1. d4 g6 2. c4 Bg7 3. e4 d6 4. Nc3 Nf6 5. f3 c6 6. Be3 O-O 7. Qd2 e5 8. d5 cxd5
9. cxd5 a6 10. Bd3 Nbd7 11. Nge2 Nc5 12. Bc2 b5 13. O-O Nh5 14. b4 Nd7 15. a4
Nb6 16. Bd3 bxa4 17. Nxa4 Nxa4 18. Rxa4 Nf6 19. Rfa1 Nd7 20. Nc1 f5 21. Qc2
fxe4 22. fxe4 Bb7 23. Bxa6 Rc8 24. Qe2 Bxa6 25. Rxa6 Nf6 26. Bb6 Qe8 27. Bf2
Qf7 28. R6a2 h5 29. h3 g5 30. Nd3 Qg6 31. Re1 Rf7 32. b5 Rfc7 33. b6 Rb7 34.
Ra7 Rcb8 35. Qc2 Qe8 36. Qc6 Rd7 37. Rc1 Bf8 38. Nb4 Rxa7 39. bxa7 Ra8 40. Na6
Nxe4 41. Qxe8 1-0

[Event "Open 150' Unita' d'Italia B"]
[Site "Torino ITA"]
[Date "2011.06.02"]
[Round "3"]
[White "Blundo, Michele"]
[Black "Cacinschi, Alexandru"]
[Result "0-1"]
[WhiteElo "1728"]
[BlackElo "1974"]
[PlyCount "48"]
[EventDate "2011.05.31"]

1. d4 d5 2. c4 c6 3. Nc3 Nf6 4. cxd5 cxd5 5. Nf3 Nc6 6. e3 Bf5 7. a3 e6 8. Be2
Bd6 9. h3 h6 10. b4 O-O 11. Bb2 Rc8 12. Nd2 Re8 13. g4 Bg6 14. h4 e5 15. Nb5
Bb8 16. g5 Nd7 17. gxh6 a6 18. h5 Bh7 19. hxg7 axb5 20. Bxb5 exd4 21. Bxc6 dxe3
22. Nf3 Rxc6 23. Qxd5 exf2+ 24. Kxf2 Rc2+ 0-1

[Event "Open 150' Unita' d'Italia B"]
[Site "Torino ITA"]
[Date "2011.06.02"]
[Round "3"]
[White "Casarin, Renato"]
[Black "Ivaldo, Fabrizio"]
[Result "1/2-1/2"]
[WhiteElo "1587"]
[BlackElo "1925"]
[PlyCount "93"]
[EventDate "2011.05.31"]

1. d4 Nf6 2. c4 g6 3. Nc3 Bg7 4. e4 d6 5. f3 O-O 6. Be3 e5 7. d5 c6 8. Bd3 Na6
9. a3 Nd7 10. Qd2 f5 11. exf5 gxf5 12. Bg5 Qe8 13. Bh6 e4 14. fxe4 fxe4 15. Be2
Ndc5 16. Qg5 Qf7 17. Qxg7+ Qxg7 18. Bxg7 Kxg7 19. O-O-O Bf5 20. b4 Nd3+ 21.
Bxd3 exd3 22. Nf3 Rae8 23. Nh4 Re3 24. Rhf1 Bg4 25. Rxf8 Kxf8 26. Rf1+ Ke7 27.
Nf5+ Bxf5 28. Rxf5 Re5 29. Rxe5+ dxe5 30. Kd2 cxd5 31. Nxd5+ Ke6 32. Kxd3 Nb8
33. g4 Nc6 34. h4 Nd8 35. b5 Kd6 36. Ke4 Ne6 37. Kd3 Nc5+ 38. Ke3 Ke6 39. Nc3
h6 40. Ne4 Nd7 41. Kd3 b6 42. Kc3 Nf8 43. Kb4 Ng6 44. h5 Nf4 45. a4 Nd3+ 46.
Kc3 Nf4 47. Kb4 1/2-1/2

[Event "Open 150' Unita' d'Italia B"]
[Site "Torino ITA"]
[Date "2011.06.02"]
[Round "3"]
[White "Figari, Andrea"]
[Black "Razzano, Lorenzo"]
[Result "0-1"]
[WhiteElo "1841"]
[BlackElo "1951"]
[PlyCount "68"]
[EventDate "2011.05.31"]

1. e4 e5 2. Nf3 Nc6 3. Bc4 Bc5 4. c3 Qe7 5. O-O d6 6. b4 Bb6 7. d3 Nf6 8. a4 a5
9. b5 Nb8 10. Bb3 Bg4 11. Nbd2 Nbd7 12. Nc4 Nc5 13. Bc2 h6 14. Ne3 Be6 15. c4
O-O-O 16. Nd5 Bxd5 17. cxd5 g5 18. Nd2 g4 19. Nc4 Rdg8 20. g3 h5 21. Bd2 h4 22.
Bxa5 hxg3 23. fxg3 Bxa5 24. Nxa5 Rh3 25. Qd2 Nh5 26. Nc6 Qf8 27. Qa5 Nxg3 28.
Na7+ Kd7 29. hxg3 Rxg3+ 30. Kh2 Rh3+ 31. Kg2 Rgh8 32. Rh1 Qh6 33. Rxh3 Qxh3+
34. Kf2 Qh2+ 0-1

[Event "Open 150' Unita' d'Italia B"]
[Site "Torino ITA"]
[Date "2011.06.02"]
[Round "3"]
[White "Labarthe, Arnaud"]
[Black "Iacomussi, Mario"]
[Result "1-0"]
[WhiteElo "1877"]
[BlackElo "1755"]
[PlyCount "67"]
[EventDate "2011.05.31"]

1. d4 Nf6 2. c4 e6 3. Nf3 c5 4. d5 exd5 5. cxd5 d6 6. Nc3 g6 7. Bf4 a6 8. a4
Bg7 9. Nd2 Nh5 10. Bg3 O-O 11. Nc4 Nxg3 12. hxg3 Bf5 13. e3 Qe7 14. g4 Bd7 15.
Bd3 a5 16. Qf3 Na6 17. O-O-O Nb4 18. Bb1 Ra6 19. Rh2 Qg5 20. Ne4 Qxg4 21. Qxg4
Bxg4 22. f3 Bd7 23. b3 b5 24. axb5 Bxb5 25. Nexd6 Bxc4 26. Nxc4 Rd8 27. e4 h5
28. f4 a4 29. bxa4 Rxa4 30. Nb2 Ra3 31. Rh3 Rxh3 32. gxh3 Bd4 33. Nc4 f6 34. d6
1-0

[Event "Open 150' Unita' d'Italia B"]
[Site "Torino ITA"]
[Date "2011.06.02"]
[Round "3"]
[White "Mantovan, Giuseppe"]
[Black "Giacchino, Claudio"]
[Result "1-0"]
[WhiteElo "1837"]
[BlackElo "1664"]
[PlyCount "67"]
[EventDate "2011.05.31"]

1. d4 g6 2. c4 Bg7 3. Nc3 d6 4. e4 e6 5. Be2 Ne7 6. f4 a6 7. Nf3 Nd7 8. O-O O-O
9. Be3 b6 10. Qe1 Bb7 11. Rd1 Nf6 12. Nd2 Nd7 13. Qh4 Nc6 14. Qf2 Ne7 15. Kh1
Rc8 16. Bf3 Qe8 17. Rfe1 c5 18. e5 Bxf3 19. Qxf3 Nf5 20. Nde4 cxd4 21. Bxd4
dxe5 22. fxe5 Bxe5 23. Bxe5 Nxe5 24. Nf6+ Kh8 25. Rxe5 Qe7 26. Nd7 f6 27. Ree1
Rfe8 28. b3 Red8 29. Nxb6 Rxd1 30. Rxd1 Rc7 31. Qd3 Qc5 32. Nca4 Qc6 33. Qd8+
Kg7 34. Rd7+ 1-0

[Event "Open 150' Unita' d'Italia B"]
[Site "Torino ITA"]
[Date "2011.06.02"]
[Round "3"]
[White "Maschietti, Giampaolo"]
[Black "Riccardi, Mauro"]
[Result "0-1"]
[WhiteElo "1422"]
[BlackElo "1833"]
[PlyCount "62"]
[EventDate "2011.05.31"]

1. e4 c5 2. Nf3 Nc6 3. d4 cxd4 4. Nxd4 Nf6 5. Nc3 e5 6. Ndb5 d6 7. Bg5 a6 8.
Na3 b5 9. Nd5 Be7 10. Be2 Nxe4 11. Bxe7 Nxe7 12. Bf3 f5 13. Bxe4 fxe4 14. Nxe7
Qxe7 15. c4 O-O 16. Qd5+ Be6 17. Qxe4 bxc4 18. O-O Rab8 19. Rab1 Bf5 20. Qd5+
Qe6 21. Qxe6+ Bxe6 22. Rfd1 d5 23. Rd2 Rb7 24. Rbd1 Rfb8 25. b3 cxb3 26. axb3
Rxb3 27. Nc2 Rb1 28. Ne1 e4 29. Rxb1 Rxb1 30. Kf1 Bd7 31. f3 e3 0-1

[Event "Open 150' Unita' d'Italia B"]
[Site "Torino ITA"]
[Date "2011.06.02"]
[Round "3"]
[White "Negro, Francesco P."]
[Black "Martin, Tiziano"]
[Result "1/2-1/2"]
[WhiteElo "1784"]
[BlackElo "1936"]
[PlyCount "70"]
[EventDate "2011.05.31"]

1. e4 e5 2. Nf3 d6 3. d4 exd4 4. Nxd4 Nf6 5. Nc3 Be7 6. Bd3 O-O 7. O-O Nc6 8.
Nxc6 bxc6 9. Be2 Rb8 10. Bf3 Nd7 11. Bf4 Rxb2 12. Na4 Rb4 13. c3 Rb8 14. Qc2
Bg5 15. Bg3 Bf6 16. Rad1 Qe7 17. Rfe1 Be5 18. Bxe5 Nxe5 19. Be2 Qg5 20. g3 Ng4
21. c4 Qh6 22. Bxg4 Bxg4 23. Rd3 f5 24. Nc3 fxe4 25. Nxe4 Rbe8 26. Rde3 Bf5 27.
Qb3 Qg6 28. f3 Bxe4 29. Rxe4 Rxe4 30. Rxe4 Qf6 31. Kg2 Qa1 32. Re7 Qd4 33. Rxc7
Qd2+ 34. Kh3 Qh6+ 35. Kg2 Qd2+ 1/2-1/2